000 00484nam a22001577a 4500
005 20240704140613.0
008 240704b |||||||| |||| 00| 0 eng d
020 _a9781529017212
040 _aKMU
_cKMU
_dKMU
_erda
050 _aPZ7.D7245
100 _aDonaldson, Julia and Scheffler, Axel
245 _aThe Snail and the Whale /
_cDonaldson, Julia and Scheffler, Axel
260 _aLondon :
_bMacmillan Children Books,
_c2003
300 _a28 p. :
_bill. ;
_c17 cm.
942 _2lcc
_cBK
_n0
999 _c1377
_d1377